000 00427nam a22001697a 4500
003 CEME
005 20210628205820.0
008 210317b xxu||||| |||| 00| 0 eng d
040 _c.
082 _a370 KHA
100 _aKhan. P.A.
_977115
245 _aAmc army medical colleges admission guides
260 _aLAHORE
_bNISHAN PUBLISHERS
_c1999
300 _a591P
650 _aADMISSION GUIDE-AMC
_977116
942 _cBK
_2ddc
999 _c582444
_d582444